000 00745nam a2200229Ia 4500
003 OSt
005 20220923223552.0
006 a|||||r|||| 00| 0
007 ta
008 Pun
024 _a218,906
037 _cTextual
040 _aARTS
_cARTS
_bPun
041 _2Pun
_aPun
082 _aQ8441:21, 153N9
100 _aਸਿੱਧੂ, ਗੁਰਮੇਲ ਸਿੰਘ
245 0 _aਆਦਿ ਸਚੁ,,,,ਜਪੁ ਅਧਿਔਨ ਪੰਜਾਬੀ ਤੇ ਅੰਗ੍ਰੇਜੀ
260 _aਲੁਧਿਆਨਾ
_b ਅਸਥੌਟਿਕ ਪਬਲੀਕੇFਨ
_c1999
300 _a96ਪੰ
_ccm.
942 _hQ8441:21, 153N9
_cTEXL
_2CC
999 _c366240
_d366240